Annual report, 1959-60 (Record no. 509238)

000 -LEADER
fixed length control field 00542cam a22001577a 4500
008 - FIXED-LENGTH DATA ELEMENTS--GENERAL INFORMATION
fixed length control field 180718b-- xxu||||| |||| 00| 0 eng d
082 ## - DEWEY DECIMAL CLASSIFICATION NUMBER
Classification number A45:R 1959-60
100 ## - MAIN ENTRY--PERSONAL NAME
Personal name India. Ministry of Labour and Employment
9 (RLIN) 3738
245 ## - TITLE STATEMENT
Title Annual report, 1959-60
Statement of responsibility, etc by Ministry of Labour and Employment
260 ## - PUBLICATION, DISTRIBUTION, ETC. (IMPRINT)
Place of publication, distribution, etc New Delhi
Name of publisher, distributor, etc Government of India
Date of publication, distribution, etc 1960
300 ## - PHYSICAL DESCRIPTION
Extent 123p.
500 ## - GENERAL NOTE
General note Issue for1992/93 is not available, vide their letter dated 7th October 2009
650 ## - SUBJECT ADDED ENTRY--TOPICAL TERM
Topical term or geographic name as entry element Ministry of Labour
9 (RLIN) 3743
650 ## - SUBJECT ADDED ENTRY--TOPICAL TERM
Topical term or geographic name as entry element Labour - India
9 (RLIN) 3173
942 ## - ADDED ENTRY ELEMENTS (KOHA)
Source of classification or shelving scheme

No items available.

Powered by Koha